| 000 | 00449nam a2200157 i 4500 | ||
|---|---|---|---|
| 001 | 20309 | ||
| 003 | ES-MaACL | ||
| 005 | 20230906152256.0 | ||
| 007 | t| | ||
| 008 | 021111s1956 sp ||||1| spa d | ||
| 100 | 1 |
_aAguirre Prado, Luis. _918887 |
|
| 245 | 1 | 3 |
_aEl Cardenal Benlloch / _cpor Luis Aguirre Prado. |
| 260 |
_aMadrid : _b[s.n., _c1956] ( _fPrensa Gráfica) |
||
| 300 |
_a30 p., 2 lám. ; _c24 cm. |
||
| 852 |
_aES-MaACL _j2018-F-8 _bR.44425 |
||
| 999 |
_c20309 _d20309 |
||